|
|
|
|
| LEADER |
00000naa a2200000 ar4500 |
| 001 |
vtls008987905 |
| 003 |
SK-MaSNL |
| 005 |
20260302140710.0 |
| 008 |
070511c2005 xo |||| ||| 000 b|slo |
| 015 |
|
|
|a SNBRA2007/05
|2 snkbucl
|
| 038 |
|
|
|a SNKBUCL
|
| 040 |
|
|
|a SNKBUCL
|b slo
|c SNKBUCL
|e AACR2
|
| 041 |
0 |
|
|a slo
|b ger
|
| 044 |
|
|
|a xo
|c SK
|
| 080 |
|
|
|a 82.02:821 (4)
|x "19"
|2 1997
|
| 080 |
|
|
|a 821 (4).02
|x "19"
|2 1997
|
| 080 |
|
|
|a 82(091):821 (4)"19"
|2 1997
|
| 080 |
|
|
|a 821 (4)
|x (091)
|x "19"
|2 1997
|
| 080 |
|
|
|a 82.0:801.6
|2 1997
|
| 100 |
1 |
|
|a Winczer, Pavol,
|d 1935-2014
|4 aut
|9 163469
|
| 245 |
1 |
0 |
|a Otázka životnosti "klasickej" avantgardy, avantgarda a avantgardné literárne smery
|c Pavol Winczer
|
| 504 |
|
|
|a Bibliogr. odkazy
|
| 546 |
|
|
|a Res. nem.
|
| 650 |
0 |
7 |
|a európska literatúra
|x avantgarda
|y 20. stor., 1. polovica
|2 snkbucl
|9 827277
|
| 650 |
0 |
7 |
|a literárna avantgarda
|x európska literatúra
|y 20. stor., 1. polovica
|2 snkbucl
|9 101470
|
| 650 |
0 |
7 |
|a literárna avantgarda
|x literárne smery
|2 snkbucl
|9 101471
|
| 650 |
0 |
7 |
|a literárne smery
|2 snkbucl
|9 4950
|
| 773 |
0 |
|
|t Európske literárne avantgardy 20. storočia
|d Bratislava : VEDA, 2005
|g S. 13-23
|z 8022408638
|
| 852 |
|
|
|a SNK
|b KIS3GCP
|
| 958 |
|
|
|a LX
|
| 958 |
|
|
|a NB
|
| 999 |
|
|
|c 1332011
|d 1333941
|